000 01112nam a2200313Ia 4500
005 20220317001024.0
008 160825s2007 ck a g 000 0 spa
020 _a97895830042012
100 1 _aSilva, José Asunción
_d1865-1896
245 1 0 _aDe sobremesa
_cJosé Asunción Silva ; Ilustraciones de Ana María Acosta
250 _a1a. edición
_b4a. reimpresión
300 _a344 páginas
_bilustraciones en blanco y negro
_c21 cm
490 _aLetras latinoamericanas
500 _aIncluye datos biográficos del autor
521 _aRecomendado para adultos
650 1 4 _2LEMB
_aNovela colombiana
_ySiglo XX
650 1 4 _2LEMB
_aLiteratura colombiana
_ySiglo XX
650 1 4 _2LEMB
_aSoledad en la literatura
650 1 4 _2LEMB
_aBurguesía en la literatura
650 1 4 _2LEMB
_aAmor en la literatura
700 1 _aAcosta, Ana María
_99925
942 _2loc
_cBKLIT
264 _aBogotá
_bPanamericana
_c2007
336 _atexto
_btxt
_2rdacontent
337 _asin mediación
_bn
_2rdamedia
338 _avolumen
_bnc
_2rdacarrier
040 _aCO-BoRNBP
_bspa
_erda
_cCO-BoRNBP
084 _aN SIL1
999 _c5696
_d5696